| 000 | 00560nam a22001937a 4500 | ||
|---|---|---|---|
| 999 |
_c57505 _d57505 |
||
| 005 | 20200629145615.0 | ||
| 008 | 200629s2020 eng||||| |||| 00| 0 enk d | ||
| 020 | _a9781260456547 | ||
| 041 | _aeng | ||
| 080 | _a620.1 P-87 | ||
| 100 |
_aPotter, Merle _98894 |
||
| 245 |
_aSchaum's Outline of Strength of Materials / _c Potter Merle. |
||
| 250 | _aSeventh Edition | ||
| 264 |
_aNew York, _c2020. |
||
| 300 |
_a287 p. _b30 cm |
||
| 653 | _aინჟინერია | ||
| 653 | _aმასალების სიძლერე | ||
| 942 |
_2udc _cBK |
||